| 000 | 01587nam0a2200349 4500 | ||
|---|---|---|---|
| 001 | RU\NLR\bibl\1438791 | ||
| 005 | 20260405080435.0 | ||
| 021 |
_aRU _b2009-77196 _94832 |
||
| 035 | _a(NLR Aleph) 001430654 | ||
| 090 |
_a1400530 _c1400530 |
||
| 100 | _a20090918d2008 |||y0rusy50 ca | ||
| 101 | 0 | _arus | |
| 102 | _aRU | ||
| 105 | _ay dm ||||| | ||
| 200 | 1 |
_aОбеспечение ЭМС и информационной безопасности в локальных кабельных сетях _fСтепанов П. В. |
|
| 210 |
_aМосква _cИзд-во МИЭМ _d2008 |
||
| 215 |
_a45 с. _cил., табл. _d21 |
||
| 309 | _aБез тит. л. Описано по обл. | ||
| 320 | _aБиблиогр.: с. 45 (4 назв.) | ||
| 606 | 1 |
_aКабельные линии связи _xЗащита от электроманитного излучения _92593548 _3RU\NLR\auth\661532531 |
|
| 606 | 1 |
_aЭлектросвязь _xСистемы _xЗащита информации _92262165 _3RU\NLR\auth\661356301 |
|
| 606 | 1 |
_aЭлектросвязь _xСистемы _xЭлектромагнитная совместимость _92219955 _3RU\NLR\auth\661333093 |
|
| 686 |
_aЗ889.3-017,07 _2rubbk |
||
| 686 |
_aЗ889.3-021.3,07 _2rubbk |
||
| 686 | _aЗ889.3-01 | ||
| 700 | 1 |
_4070 _8rus _7ca _aСтепанов _bП. В. _cд-р техн. наук _gПавел Владимирович _3RU\NLR\auth\7727639 _910670 |
|
| 801 | 0 |
_aRU _bРКП _c20090918 |
|
| 801 | 1 |
_aRU _bРГБ _c20090918 |
|
| 801 | 2 |
_aRU _bNLR _c20091116 _grcr |
|
| 942 | _cBOOK | ||
| 980 | _aNB | ||